00849cam a22002054a 4500999001700000008004100017020001500058050002200073100001800095245007100113246004900184250002900233260004100262300003900303504005000342650004900392650005000441942003200491952012000523 c17760d17760050210s2005 paua bc 000 0 eng  a076432239700aNK4115 b.H4 20051 aHecht, Robin.10aScandinavian art pottery, Denmark & Sweden /cRobin Hecht Minardi.3 aScandinavian art pottery, Denmark and Sweden aRev. and updated 2nd ed. aAtglen, PA :bSchiffer Pub.,cc2005. a172, [2] p. :bcol. ill. ;c29 cm. aIncludes bibliographic references (p. [173]). 0aArt pottery, Danishy20th centuryvCatalogs. 0aArt pottery, Swedishy20th centuryvCatalogs. 2lcccBOOKShNK4115 .H4 2005 00102lcc4070aMUCbMUCcGENd2016-11-29eDonation(BFA)l0oNK4115 .H4 2005p28884r2019-06-07w2016-11-29yBOOKS